| 000 | 00740nam a22002177a 4500 | ||
|---|---|---|---|
| 005 | 20180803165530.0 | ||
| 008 | 140227b1979 ck ||||| |||| 00| 0 spa d | ||
| 041 | _aspa | ||
| 044 | _ack | ||
| 082 |
_a580.9864 _bU54c3 |
||
| 100 | 1 |
_aCamargo-G. Lus Alfredo _911810 |
|
| 245 | 1 | 0 |
_aCatálogo ilustrado de las plantas de Cundinamarca : _bvolumen 7 _cLuis Alfredo Camargo |
| 260 |
_aBogotá _bImprenta Nacional _c1979 |
||
| 300 |
_av. 7, 86 p. _bil. _c23 cm. |
||
| 504 | _aIncluye índice y bibliografía | ||
| 505 | _av. 7 Clethraceae ; Pyrolaceae : Ericaceae | ||
| 650 |
_aPlantas _zCundinamarca (Colombia) _912186 |
||
| 650 |
_aBotánica _zCundinamarca (Colombia) _912187 |
||
| 650 | 6 |
_aTaxonomía vegetal _992262 |
|
| 942 |
_2ddc _cImpreso _01 |
||
| 999 |
_c8160 _d8160 |
||